[Event "18. Obert Pobla de Lillet 2008"]
[Site "La Pobla de Lillet ESP"]
[Date "2008.08.07"]
[Round "6.8"]
[White "Oms Fuentes, Lluis"]
[Black "Segarra Calderer, Albert"]
[Result "1-0"]
[WhiteElo "2338"]
[BlackElo "2080"]
[PlyCount "71"]
[EventDate "2008.08.02"]
[EventType "swiss"]
[EventRounds "9"]
[EventCountry "ESP"]
[SourceTitle "Ajedrez en Madrid"]
[Source "lmi"]
[SourceDate "2008.08.02"]
[SourceVersion "1"]
[SourceVersionDate "2020.06.30"]
[SourceQuality "1"]

1. e4 d5 2. exd5 Nf6 3. d4 Nxd5 4. Nf3 Bg4 5. c4 Nb6 6. h3 Bxf3 7. Qxf3 Nc6 8.
d5 Ne5 9. Qe4 Ng6 10. Nc3 a6 11. f4 e6 12. h4 Qe7 13. d6 Qxd6 14. Qxb7 Nxf4 15.
Qe4 Ng6 16. h5 f5 17. Qe3 Ne5 18. Rh4 Ng4 19. Qf3 Qe5+ 20. Be2 Bd6 21. Qc6+ Kf7
22. Ne4 Bb4+ 23. Kf1 fxe4 24. Rxg4 Rhf8 25. Qxe4 Qh2 26. Rh4 Kg8+ 27. Bf3 Qg3
28. Be3 Rxf3+ 29. gxf3 Rf8 30. Ke2 Qg2+ 31. Bf2 Bc5 32. Rf1 Qg5 33. Rg4 Qf6 34.
Bxc5 Qxb2+ 35. Ke3 Qc3+ 36. Kf2 1-0

[Event "18. Obert Pobla de Lillet 2008"]
[Site "La Pobla de Lillet ESP"]
[Date "2008.08.07"]
[Round "6.17"]
[White "Torres Serrano, Nuria"]
[Black "Garcia Galeote, Lorenzo"]
[Result "0-1"]
[WhiteElo "1764"]
[BlackElo "2037"]
[PlyCount "108"]
[EventDate "2008.08.02"]
[EventType "swiss"]
[EventRounds "9"]
[EventCountry "ESP"]
[SourceTitle "Ajedrez en Madrid"]
[Source "lmi"]
[SourceDate "2008.08.02"]
[SourceVersion "1"]
[SourceVersionDate "2020.06.30"]
[SourceQuality "1"]

1. c4 e6 2. Nc3 d5 3. e3 Nf6 4. b3 Be7 5. g3 O-O 6. Bg2 b6 7. Nge2 Bb7 8. Bb2
Qc8 9. cxd5 Nxd5 10. Nxd5 Bxd5 11. e4 Bb7 12. a3 Nd7 13. O-O Rd8 14. d4 Nf6 15.
Qc2 Qd7 16. Rfd1 Rac8 17. Nf4 Qc6 18. Qxc6 Bxc6 19. d5 exd5 20. Rac1 Bd7 21. e5
Ne8 22. Nxd5 Bf8 23. Ne3 Be6 24. Bd5 Bxd5 25. Rxd5 Rxd5 26. Nxd5 c6 27. Ne3 Bc5
28. Nc4 Rd8 29. b4 Bf8 30. Ne3 c5 31. b5 Nc7 32. a4 g6 33. f4 h6 34. Rc4 Rd3
35. Re4 Rb3 36. Nc4 Rb4 37. Bc3 Rxa4 38. Nd6 Rxe4 39. Nxe4 Nxb5 40. Nf6+ Kh8
41. Bb2 Bg7 42. Ne8 Kg8 43. Kf2 Kf8 44. Nf6 Bxf6 45. exf6 Ke8 46. Ke3 Kd7 47.
Kd3 Ke6 48. Kc4 Nd4 49. Bc1 h5 50. f5+ Kxf5 51. Bf4 Kxf6 52. Bb8 a6 53. Bc7 b5+
54. Kc3 Ke6 0-1

[Event "18. Obert Pobla de Lillet 2008"]
[Site "La Pobla de Lillet ESP"]
[Date "2008.08.07"]
[Round "6.19"]
[White "Montero Montero, Juan J"]
[Black "Canal Sala, Llorenc"]
[Result "1/2-1/2"]
[WhiteElo "1705"]
[BlackElo "2071"]
[PlyCount "57"]
[EventDate "2008.08.02"]
[EventType "swiss"]
[EventRounds "9"]
[EventCountry "ESP"]
[SourceTitle "Ajedrez en Madrid"]
[Source "lmi"]
[SourceDate "2008.08.02"]
[SourceVersion "1"]
[SourceVersionDate "2020.06.30"]
[SourceQuality "1"]

1. e4 c6 2. Nf3 d5 3. exd5 cxd5 4. d4 e6 5. c3 Nf6 6. Bg5 Be7 7. Bd3 Nc6 8. O-O
h6 9. Bxf6 Bxf6 10. Re1 O-O 11. Nbd2 b6 12. Ne5 Nxe5 13. dxe5 Be7 14. Nb3 Bb7
15. Nd4 a6 16. Kh1 b5 17. a3 Rc8 18. f4 Bc5 19. Rc1 g6 20. Qg4 Kh8 21. h4 h5
22. Qg5 Qxg5 23. hxg5 Kg7 24. g3 Rc7 25. Rc2 Rfc8 26. Rec1 Bb6 27. Kg2 Rh8 28.
Rh1 Rhc8 29. Rhc1 1/2-1/2

[Event "18. Obert Pobla de Lillet 2008"]
[Site "La Pobla de Lillet ESP"]
[Date "2008.08.08"]
[Round "7.1"]
[White "Mirzoev, Azer"]
[Black "Reinaldo Castiñeira, Roi"]
[Result "1-0"]
[WhiteElo "2565"]
[BlackElo "2504"]
[PlyCount "92"]
[EventDate "2008.08.02"]
[EventType "swiss"]
[EventRounds "9"]
[EventCountry "ESP"]
[SourceTitle "Ajedrez en Madrid"]
[Source "lmi"]
[SourceDate "2008.08.02"]
[SourceVersion "1"]
[SourceVersionDate "2020.06.30"]
[SourceQuality "1"]

1. Nf3 Nf6 2. b3 d6 3. Bb2 e5 4. c4 Nbd7 5. d3 g6 6. e3 Bg7 7. Be2 O-O 8. Nc3
c6 9. O-O Re8 10. Qc2 Nf8 11. b4 Bf5 12. Ne4 d5 13. Ng3 e4 14. dxe4 Bxe4 15.
Nxe4 dxe4 16. Nd2 b6 17. Rfd1 Qe7 18. a3 N8d7 19. Nb3 c5 20. bxc5 Nxc5 21. Nxc5
Qxc5 22. Bd4 Qc6 23. Qb2 Rec8 24. a4 Ne8 25. a5 Bxd4 26. Rxd4 Nd6 27. axb6 axb6
28. Rb1 Nf5 29. Rd5 Nd6 30. Qd4 Nf5 31. Qxe4 Qf6 32. g4 Ra2 33. Qf3 Rxe2 34.
Qxe2 Nh4 35. f4 Qc3 36. Rd3 Qf6 37. Qf2 h6 38. Rd4 Rc5 39. h3 Ra5 40. Rbd1 Ra3
41. Rd6 Qe7 42. Rd8+ Kh7 43. R1d7 Qf6 44. Qg3 Kg7 45. Kh2 g5 46. Qf2 gxf4 1-0

[Event "18. Obert Pobla de Lillet 2008"]
[Site "La Pobla de Lillet ESP"]
[Date "2008.08.08"]
[Round "7.2"]
[White "Movsziszian, Karen"]
[Black "Matnadze, Ana"]
[Result "0-1"]
[WhiteElo "2560"]
[BlackElo "2411"]
[PlyCount "90"]
[EventDate "2008.08.02"]
[EventType "swiss"]
[EventRounds "9"]
[EventCountry "ESP"]
[SourceTitle "Ajedrez en Madrid"]
[Source "lmi"]
[SourceDate "2008.08.02"]
[SourceVersion "1"]
[SourceVersionDate "2020.06.30"]
[SourceQuality "1"]

1. g3 e6 2. Bg2 d5 3. Nf3 g6 4. O-O Bg7 5. d4 Nf6 6. c4 O-O 7. Nc3 Na6 8. Qb3
b6 9. e4 Bb7 10. Ne5 c6 11. Bg5 Nc7 12. exd5 cxd5 13. cxd5 exd5 14. Rad1 h6 15.
Bxf6 Bxf6 16. Ng4 Bg7 17. Ne3 Ne6 18. Nexd5 Nxd4 19. Qa4 b5 20. Nxb5 Bxd5 21.
Nxd4 Bxg2 22. Kxg2 Qb6 23. b3 Rac8 24. Rd3 Rfd8 25. Rfd1 Rd5 26. Nf3 Ra5 27.
Qd7 Rac5 28. h4 a5 29. R1d2 Qa6 30. Rd6 Qa8 31. R6d5 R5c6 32. a4 Bc3 33. R2d3
Qb8 34. Qe7 Bf6 35. Qe3 Rc3 36. Rb5 Qa8 37. Rxc3 Rxc3 38. Qf4 Kg7 39. h5 g5 40.
Qf5 Qc6 41. g4 Rc2 42. Rxa5 Bd4 43. Rd5 Rxf2+ 44. Kg3 Qc7+ 45. Re5 Re2 0-1

[Event "18. Obert Pobla de Lillet 2008"]
[Site "La Pobla de Lillet ESP"]
[Date "2008.08.08"]
[Round "7.4"]
[White "Capellades Subirana, Marc"]
[Black "Danelia, Mariam"]
[Result "0-1"]
[WhiteElo "2265"]
[BlackElo "2185"]
[PlyCount "106"]
[EventDate "2008.08.02"]
[EventType "swiss"]
[EventRounds "9"]
[EventCountry "ESP"]
[SourceTitle "Ajedrez en Madrid"]
[Source "lmi"]
[SourceDate "2008.08.02"]
[SourceVersion "1"]
[SourceVersionDate "2020.06.30"]
[SourceQuality "1"]

1. e4 c5 2. Nf3 d6 3. d4 cxd4 4. Nxd4 Nf6 5. Nc3 a6 6. Be2 e5 7. Nf3 h6 8. O-O
Be6 9. Nd5 Nxe4 10. Be3 Nd7 11. c3 Nef6 12. Bc4 Nxd5 13. Bxd5 Bxd5 14. Qxd5 Qc7
15. Nd2 Nf6 16. Qb3 Rc8 17. h3 Be7 18. f4 O-O 19. g4 Qc6 20. fxe5 dxe5 21. Nf3
Bc5 22. c4 Bxe3+ 23. Qxe3 e4 24. Nd4 Qxc4 25. Nf5 Nd5 26. Qd2 Qc5+ 27. Kh1 e3
28. Qg2 Nb4 29. g5 e2 30. Nxh6+ Kh7 31. Qe4+ g6 32. Qh4 exf1=Q+ 33. Rxf1 Qd5+
34. Kg1 Qc5+ 35. Kh1 Qc6+ 36. Kg1 Qb6+ 37. Kh1 Kg7 38. Ng4 Rh8 39. Nh6 Rhf8 40.
Ng4 Qc6+ 41. Kg1 Qc5+ 42. Kh1 Qd5+ 43. Kg1 Rh8 44. Nh6 Rc4 45. Qg3 Qc5+ 46. Kh1
Rc1 47. Qf4 Rxf1+ 48. Qxf1 Qd5+ 49. Kh2 Qe5+ 50. Kh1 Rxh6 51. gxh6+ Kxh6 52. a3
Qd5+ 53. Kg1 Nd3 0-1

[Event "18. Obert Pobla de Lillet 2008"]
[Site "La Pobla de Lillet ESP"]
[Date "2008.08.08"]
[Round "7.5"]
[White "Subirachs Mancebo, Guillem"]
[Black "Ayza Ballester, Jordi"]
[Result "0-1"]
[WhiteElo "2063"]
[BlackElo "2277"]
[PlyCount "52"]
[EventDate "2008.08.02"]
[EventType "swiss"]
[EventRounds "9"]
[EventCountry "ESP"]
[SourceTitle "Ajedrez en Madrid"]
[Source "lmi"]
[SourceDate "2008.08.02"]
[SourceVersion "1"]
[SourceVersionDate "2020.06.30"]
[SourceQuality "1"]

1. e4 c5 2. Nc3 Nc6 3. g3 g6 4. Bg2 Bg7 5. d3 d6 6. Be3 e6 7. Qd2 Rb8 8. Nf3
Nd4 9. Nh4 Ne7 10. Nd1 O-O 11. c3 Ndc6 12. Bh6 d5 13. Bxg7 Kxg7 14. exd5 Nxd5
15. O-O b6 16. Ne3 Nxe3 17. fxe3 Qd6 18. d4 Ba6 19. Rfe1 Rbd8 20. Qc2 Rc8 21.
Qa4 Bb7 22. Rad1 Qe7 23. Nf3 Rfd8 24. Rd2 Rc7 25. Red1 Na5 26. Ne5 Bxg2 0-1

[Event "18. Obert Pobla de Lillet 2008"]
[Site "La Pobla de Lillet ESP"]
[Date "2008.08.08"]
[Round "7.6"]
[White "Granados Gomez, Manuel"]
[Black "Tarrago Antoni, Maurici"]
[Result "1/2-1/2"]
[WhiteElo "2407"]
[BlackElo "2219"]
[PlyCount "74"]
[EventDate "2008.08.02"]
[EventType "swiss"]
[EventRounds "9"]
[EventCountry "ESP"]
[SourceTitle "Ajedrez en Madrid"]
[Source "lmi"]
[SourceDate "2008.08.02"]
[SourceVersion "1"]
[SourceVersionDate "2020.06.30"]
[SourceQuality "1"]

1. e4 c5 2. Nf3 Nc6 3. Bb5 a6 4. Bxc6 dxc6 5. d3 Qc7 6. Be3 e5 7. a4 a5 8. Na3
Bd6 9. Nc4 Be6 10. Nfd2 Ne7 11. O-O Ng6 12. Nxd6+ Qxd6 13. Nc4 Bxc4 14. dxc4
Qe7 15. Qd3 b6 16. Rfd1 Rd8 17. Qb3 Qc7 18. Rd3 Ke7 19. Rad1 Rxd3 20. Qxd3 Rd8
21. Qxd8+ Qxd8 22. Rxd8 Kxd8 23. g3 Nf8 24. f4 Nd7 25. Kf2 Ke7 26. c3 g6 27. f5
Kf6 28. g4 Kg7 29. g5 Kf8 30. h4 Ke7 31. Ke2 Kd6 32. Kd3 Nb8 33. Bf2 Na6 34. f6
Ke6 35. Be3 Nb8 36. Bf2 Nd7 37. Be3 Kd6 1/2-1/2

[Event "18. Obert Pobla de Lillet 2008"]
[Site "La Pobla de Lillet ESP"]
[Date "2008.08.08"]
[Round "7.7"]
[White "Martin Capitan, Feliciano"]
[Black "Oms Fuentes, Lluis"]
[Result "0-1"]
[WhiteElo "2132"]
[BlackElo "2338"]
[PlyCount "71"]
[EventDate "2008.08.02"]
[EventType "swiss"]
[EventRounds "9"]
[EventCountry "ESP"]
[SourceTitle "Ajedrez en Madrid"]
[Source "lmi"]
[SourceDate "2008.08.02"]
[SourceVersion "1"]
[SourceVersionDate "2020.06.30"]
[SourceQuality "1"]

1. e4 c5 2. c4 Nc6 3. Nc3 g6 4. g3 Bg7 5. Bg2 d6 6. Nge2 e6 7. d3 Nge7 8. O-O
O-O 9. Be3 Nd4 10. Qd2 Nec6 11. Bh6 Rb8 12. Bxg7 Kxg7 13. Nxd4 Nxd4 14. Ne2 Qf6
15. Nxd4 Qxd4 16. b3 b5 17. Qe3 bxc4 18. dxc4 Qxe3 19. fxe3 e5 20. Rad1 Rd8 21.
Rd2 Be6 22. h4 h6 23. Bf3 a5 24. Bd1 a4 25. Rff2 Kf8 26. Rf1 Ke7 27. Re1 g5 28.
g4 gxh4 29. Rh2 axb3 30. axb3 h5 31. gxh5 h3 32. Ra2 Kf6 33. Kf2 Ra8 34. Rd2
Rg8 35. Be2 Kg5 36. Kg3 0-1

[Event "18. Obert Pobla de Lillet 2008"]
[Site "La Pobla de Lillet ESP"]
[Date "2008.08.08"]
[Round "7.9"]
[White "Gallart Zafra, Jaume"]
[Black "Basas Gamazo, Josep"]
[Result "1/2-1/2"]
[WhiteElo "2185"]
[BlackElo "2072"]
[PlyCount "96"]
[EventDate "2008.08.02"]
[EventType "swiss"]
[EventRounds "9"]
[EventCountry "ESP"]
[SourceTitle "Ajedrez en Madrid"]
[Source "lmi"]
[SourceDate "2008.08.02"]
[SourceVersion "1"]
[SourceVersionDate "2020.06.30"]
[SourceQuality "1"]

1. f4 Nf6 2. Nf3 g6 3. d3 d5 4. g3 Bg7 5. Bg2 O-O 6. O-O c6 7. Kh1 Qb6 8. e3
Ng4 9. d4 Nd7 10. b3 Ndf6 11. h3 Nh6 12. g4 Ne4 13. Qe1 f6 14. Ba3 Re8 15. Nbd2
Nxd2 16. Nxd2 e5 17. g5 fxg5 18. fxe5 Be6 19. c4 Nf5 20. Bc5 Qd8 21. Rd1 Nh4
22. Qg3 h6 23. e4 Nxg2 24. Qxg2 Qd7 25. Kh2 Bf8 26. Rf6 Kg7 27. Bxf8+ Rxf8 28.
cxd5 cxd5 29. h4 Rxf6 30. exf6+ Kxf6 31. hxg5+ hxg5 32. Rf1+ Kg7 33. Qxg5 dxe4
34. Qe5+ Kg8 35. Nxe4 Qh7+ 36. Kg1 Qh3 37. Nf6+ Kf7 38. Ng4+ Bf5 39. Qd5+ Kf8
40. Rxf5+ gxf5 41. Qxf5+ Ke7 42. Qg5+ Kd7 43. Ne5+ Ke6 44. Ng6 Kf7 45. d5 Rg8
46. Ne5+ Kf8 47. Ng6+ Kf7 48. Ne5+ Kf8 1/2-1/2

[Event "18. Obert Pobla de Lillet 2008"]
[Site "La Pobla de Lillet ESP"]
[Date "2008.08.08"]
[Round "7.10"]
[White "Martorell Aubanell, Adria"]
[Black "Diaz Lopez, Pedro"]
[Result "1-0"]
[WhiteElo "2159"]
[BlackElo "2040"]
[PlyCount "62"]
[EventDate "2008.08.02"]
[EventType "swiss"]
[EventRounds "9"]
[EventCountry "ESP"]
[SourceTitle "Ajedrez en Madrid"]
[Source "lmi"]
[SourceDate "2008.08.02"]
[SourceVersion "1"]
[SourceVersionDate "2020.06.30"]
[SourceQuality "1"]

1. e4 c5 2. Nf3 Nc6 3. d4 cxd4 4. Nxd4 Nf6 5. Nc3 e5 6. Ndb5 d6 7. Bg5 a6 8.
Na3 b5 9. Bxf6 gxf6 10. Nd5 Bg7 11. c3 Ne7 12. Nxe7 Qxe7 13. Nc2 f5 14. exf5
Bxf5 15. Qf3 Bxc2 16. Qxa8+ Qd8 17. Qc6+ Qd7 18. Qxa6 O-O 19. Bxb5 Qg4 20. O-O
Qg6 21. Qb6 Bh6 22. Bc6 Bf4 23. a4 Kh8 24. a5 Rg8 25. g3 h5 26. Bg2 h4 27. Rae1
Bd3 28. a6 e4 29. Bxe4 Bxe4 30. Qd4+ Be5 31. Qxe4 Qg4 1-0

[Event "18. Obert Pobla de Lillet 2008"]
[Site "La Pobla de Lillet ESP"]
[Date "2008.08.08"]
[Round "7.13"]
[White "Garcia Galeote, Lorenzo"]
[Black "Companyo Pagerols, Josep M"]
[Result "0-1"]
[WhiteElo "2037"]
[BlackElo "2090"]
[PlyCount "72"]
[EventDate "2008.08.02"]
[EventType "swiss"]
[EventRounds "9"]
[EventCountry "ESP"]
[SourceTitle "Ajedrez en Madrid"]
[Source "lmi"]
[SourceDate "2008.08.02"]
[SourceVersion "1"]
[SourceVersionDate "2020.06.30"]
[SourceQuality "1"]

1. g3 e6 2. Bg2 f5 3. d3 Nf6 4. c4 Nc6 5. e3 b6 6. Nc3 Bb7 7. Nge2 Bb4 8. a3
Bxc3+ 9. Nxc3 Na5 10. f3 O-O 11. b4 Nc6 12. O-O a5 13. b5 Ne5 14. Qe2 d6 15.
Bb2 Qe8 16. d4 Ned7 17. Qd3 Qh5 18. Rac1 Rae8 19. Na4 e5 20. dxe5 Nxe5 21. Bxe5
Rxe5 22. Nc3 Rfe8 23. Nd1 g5 24. h3 Qf7 25. Rf2 f4 26. gxf4 gxf4 27. e4 Rg5 28.
Kf1 Rg3 29. Nc3 Nxe4 30. Re2 Nc5 31. Rxe8+ Qxe8 32. Qe2 Qf7 33. Re1 Kf8 34. Nb1
Bc8 35. Nd2 Bf5 36. Ne4 Nxe4 0-1

[Event "18. Obert Pobla de Lillet 2008"]
[Site "La Pobla de Lillet ESP"]
[Date "2008.08.09"]
[Round "8.1"]
[White "Danelia, Mariam"]
[Black "Mirzoev, Azer"]
[Result "0-1"]
[WhiteElo "2185"]
[BlackElo "2565"]
[PlyCount "128"]
[EventDate "2008.08.02"]
[EventType "swiss"]
[EventRounds "9"]
[EventCountry "ESP"]
[SourceTitle "Ajedrez en Madrid"]
[Source "lmi"]
[SourceDate "2008.08.02"]
[SourceVersion "1"]
[SourceVersionDate "2020.06.30"]
[SourceQuality "1"]

1. d4 d5 2. c4 e6 3. Nf3 Nf6 4. g3 c6 5. Bg2 Be7 6. O-O O-O 7. Qc2 b6 8. Rd1
Bb7 9. b3 Na6 10. Nc3 Nb4 11. Qb1 a5 12. a3 Na6 13. e4 Nc7 14. Ne5 b5 15. exd5
exd5 16. c5 Nd7 17. Bf4 Nxe5 18. Bxe5 Ne6 19. Ne2 Re8 20. Nf4 Nf8 21. Nd3 Ng6
22. Re1 Bc8 23. h3 Bf5 24. g4 Bxd3 25. Qxd3 Bxc5 26. Rac1 Nxe5 27. Rxe5 Bd6 28.
Rxe8+ Qxe8 29. Qe3 Qd7 30. Qc3 Ra6 31. a4 bxa4 32. bxa4 g6 33. Qb3 Bb4 34. Qd3
Ra8 35. Qc2 Rc8 36. Qb3 Re8 37. Qc2 Re6 38. Bf3 Qe7 39. Kg2 Qf6 40. Qd3 Qf4 41.
Rd1 Bd6 42. Rh1 Kg7 43. Qc3 Bb4 44. Qd3 Be1 45. Rf1 h6 46. Rh1 Qc1 47. Rf1 Qb2
48. h4 Qb4 49. Qd1 Bc3 50. Qc2 Bxd4 51. h5 g5 52. Rb1 Qa3 53. Rb7 Rf6 54. Qe2
Qc3 55. Rb8 Bc5 56. Rd8 Qd4 57. Ra8 Bb6 58. Rc8 Qf4 59. Ra8 Bc7 60. Rc8 Qh2+
61. Kf1 Bb6 62. Ra8 Qh3+ 63. Bg2 Qg3 64. f3 Qh2 0-1

[Event "18. Obert Pobla de Lillet 2008"]
[Site "La Pobla de Lillet ESP"]
[Date "2008.08.09"]
[Round "8.2"]
[White "Matnadze, Ana"]
[Black "Guramishvili, Sopiko"]
[Result "1/2-1/2"]
[WhiteElo "2411"]
[BlackElo "2032"]
[PlyCount "40"]
[EventDate "2008.08.02"]
[EventType "swiss"]
[EventRounds "9"]
[EventCountry "ESP"]
[SourceTitle "Ajedrez en Madrid"]
[Source "lmi"]
[SourceDate "2008.08.02"]
[SourceVersion "1"]
[SourceVersionDate "2020.06.30"]
[SourceQuality "1"]

1. d4 d5 2. Nf3 Nf6 3. g3 c6 4. Bg2 Bg4 5. O-O Nbd7 6. c4 e6 7. Nc3 Be7 8. Qb3
Qb6 9. c5 Qxb3 10. axb3 Bxf3 11. exf3 O-O 12. f4 g6 13. b4 a6 14. Re1 Rac8 15.
Be3 Ne8 16. h4 Ng7 17. Bh3 Rfe8 18. Ne2 Bd8 19. Nc1 Bc7 20. Nd3 Nf8 1/2-1/2

[Event "18. Obert Pobla de Lillet 2008"]
[Site "La Pobla de Lillet ESP"]
[Date "2008.08.09"]
[Round "8.3"]
[White "Ayza Ballester, Jordi"]
[Black "Movsziszian, Karen"]
[Result "0-1"]
[WhiteElo "2277"]
[BlackElo "2560"]
[PlyCount "72"]
[EventDate "2008.08.02"]
[EventType "swiss"]
[EventRounds "9"]
[EventCountry "ESP"]
[SourceTitle "Ajedrez en Madrid"]
[Source "lmi"]
[SourceDate "2008.08.02"]
[SourceVersion "1"]
[SourceVersionDate "2020.06.30"]
[SourceQuality "1"]

1. e4 d6 2. d4 g6 3. Nc3 a6 4. Nf3 b5 5. a3 Bg7 6. Be3 Bb7 7. Be2 Nd7 8. h3
Ngf6 9. e5 Nd5 10. e6 fxe6 11. Ng5 Nf8 12. Bg4 Nxc3 13. bxc3 Bxg2 14. Bf3 Bxh1
15. Bxh1 d5 16. Bf4 c5 17. Kf1 cxd4 18. cxd4 Qb6 19. c3 Rc8 20. Qd2 Qa5 21. Rc1
Qxa3 22. Qe1 Rc6 23. h4 h6 24. Nh3 b4 25. Bd2 b3 26. Ra1 Qb2 27. Bf3 Qc2 28.
Nf4 b2 29. Rb1 Rb6 30. Be2 Qf5 31. Qd1 h5 32. Bd3 Qg4 33. Qc2 Kf7 34. Rxb2 Rxb2
35. Qxb2 Bh6 36. Ne2 Qh3+ 0-1

[Event "18. Obert Pobla de Lillet 2008"]
[Site "La Pobla de Lillet ESP"]
[Date "2008.08.09"]
[Round "8.4"]
[White "Reinaldo Castiñeira, Roi"]
[Black "Oms Fuentes, Lluis"]
[Result "1-0"]
[WhiteElo "2504"]
[BlackElo "2338"]
[PlyCount "77"]
[EventDate "2008.08.02"]
[EventType "swiss"]
[EventRounds "9"]
[EventCountry "ESP"]
[SourceTitle "Ajedrez en Madrid"]
[Source "lmi"]
[SourceDate "2008.08.02"]
[SourceVersion "1"]
[SourceVersionDate "2020.06.30"]
[SourceQuality "1"]

1. c4 e5 2. g3 Nc6 3. Bg2 Bc5 4. Nc3 d6 5. e3 Bf5 6. d3 Nf6 7. a3 a5 8. Nge2
O-O 9. h3 Re8 10. O-O e4 11. d4 Bb6 12. g4 Bg6 13. Nf4 h6 14. Nxg6 fxg6 15. Qc2
Qe7 16. f3 exf3 17. Bxf3 Kh7 18. h4 Nxg4 19. Bxg4 Qxh4 20. Bf3 Nxd4 21. exd4
Bxd4+ 22. Kg2 Be5 23. Rf2 Bg3 24. Ne4 Bxf2 25. Bg5 hxg5 26. Nxf2 g4 27. Bd5 Re3
28. Rh1 Rg3+ 29. Kf1 Rh3 30. Nxh3 gxh3 31. Qf2 Qh5 32. Qf3 Qxf3+ 33. Bxf3 c6
34. Rxh3+ Kg8 35. Be4 Rf8+ 36. Ke2 Rf6 37. Rb3 Re6 38. Kd3 Re7 39. Bxg6 1-0

[Event "18. Obert Pobla de Lillet 2008"]
[Site "La Pobla de Lillet ESP"]
[Date "2008.08.09"]
[Round "8.5"]
[White "Prats Rodriguez, Juan Bosco"]
[Black "Granados Gomez, Manuel"]
[Result "0-1"]
[WhiteElo "2101"]
[BlackElo "2407"]
[PlyCount "72"]
[EventDate "2008.08.02"]
[EventType "swiss"]
[EventRounds "9"]
[EventCountry "ESP"]
[SourceTitle "Ajedrez en Madrid"]
[Source "lmi"]
[SourceDate "2008.08.02"]
[SourceVersion "1"]
[SourceVersionDate "2020.06.30"]
[SourceQuality "1"]

1. e4 d5 2. exd5 Qxd5 3. Nc3 Qd6 4. d4 Nf6 5. Nf3 a6 6. Be2 Nc6 7. O-O Bf5 8.
Be3 e6 9. Qd2 Qd7 10. a3 h6 11. Rad1 Bd6 12. Rfe1 O-O 13. h3 Rad8 14. Bd3 Ne7
15. Ne5 Qc8 16. Nc4 Bxd3 17. Qxd3 b5 18. Nxd6 cxd6 19. Ne4 Nxe4 20. Qxe4 d5 21.
Qd3 Nf5 22. Bf4 Qc4 23. Qd2 Rc8 24. c3 a5 25. g4 Nh4 26. Re3 Ng6 27. Bg3 Rc6
28. h4 f5 29. Qc2 b4 30. gxf5 exf5 31. Rf3 f4 32. Bh2 Nxh4 33. Rxf4 Rg6+ 34.
Kh1 Rxf4 35. Bxf4 Qc8 36. Qd3 Qg4 0-1

[Event "18. Obert Pobla de Lillet 2008"]
[Site "La Pobla de Lillet ESP"]
[Date "2008.08.09"]
[Round "8.6"]
[White "Companyo Pagerols, Josep M"]
[Black "Capellades Subirana, Marc"]
[Result "1-0"]
[WhiteElo "2090"]
[BlackElo "2265"]
[PlyCount "81"]
[EventDate "2008.08.02"]
[EventType "swiss"]
[EventRounds "9"]
[EventCountry "ESP"]
[SourceTitle "Ajedrez en Madrid"]
[Source "lmi"]
[SourceDate "2008.08.02"]
[SourceVersion "1"]
[SourceVersionDate "2020.06.30"]
[SourceQuality "1"]

1. e4 e5 2. d4 exd4 3. c3 d3 4. c4 Bb4+ 5. Bd2 Nc6 6. Nf3 Nf6 7. Bxd3 O-O 8.
O-O Bxd2 9. Qxd2 d6 10. Nc3 Ng4 11. Rad1 f5 12. exf5 Nge5 13. Nxe5 Nxe5 14. Be4
Kh8 15. c5 Bxf5 16. Bxf5 Rxf5 17. cxd6 cxd6 18. Qxd6 Qxd6 19. Rxd6 Nc4 20. Rd7
Raf8 21. Ne4 Rb5 22. b3 Ne5 23. Rc7 h6 24. Nd6 Rd5 25. Nxb7 Rd2 26. a4 Ng4 27.
Na5 Rfxf2 28. Rxf2 Nxf2 29. h3 Nd1 30. Rxa7 Ne3 31. b4 Rxg2+ 32. Kh1 Rg3 33. b5
Rxh3+ 34. Kg1 Nd5 35. Nc4 Rf3 36. b6 Rf8 37. b7 Nc7 38. Nd6 Rb8 39. Ra5 g5 40.
Rc5 Na6 41. Rc6 1-0

[Event "18. Obert Pobla de Lillet 2008"]
[Site "La Pobla de Lillet ESP"]
[Date "2008.08.09"]
[Round "8.7"]
[White "Tarrago Antoni, Maurici"]
[Black "Subirachs Mancebo, Guillem"]
[Result "1-0"]
[WhiteElo "2219"]
[BlackElo "2063"]
[PlyCount "77"]
[EventDate "2008.08.02"]
[EventType "swiss"]
[EventRounds "9"]
[EventCountry "ESP"]
[SourceTitle "Ajedrez en Madrid"]
[Source "lmi"]
[SourceDate "2008.08.02"]
[SourceVersion "1"]
[SourceVersionDate "2020.06.30"]
[SourceQuality "1"]

1. Nf3 e6 2. g3 d5 3. c4 c6 4. Bg2 f5 5. O-O Nf6 6. d3 Bd6 7. Nc3 dxc4 8. dxc4
O-O 9. Qb3 Qc7 10. e4 Nbd7 11. exf5 Nc5 12. Qc2 exf5 13. b4 Nce4 14. c5 Be5 15.
Nxe5 Qxe5 16. Bb2 Nxc3 17. Bxc3 Qc7 18. Rfe1 Qf7 19. Rad1 Be6 20. Bxf6 Qxf6 21.
b5 Bd5 22. Bxd5+ cxd5 23. Rxd5 f4 24. Rd6 Qg5 25. Qc4+ Kh8 26. Qd5 Qg4 27. Qd4
Qg5 28. Re5 Qg4 29. Re4 Rae8 30. Rxf4 Rxf4 31. Qxf4 Qe2 32. a4 h6 33. Kg2 Qh5
34. c6 bxc6 35. bxc6 Qc5 36. Qd4 Qg5 37. h4 Qh5 38. c7 Rf8 39. Rd8 1-0

[Event "18. Obert Pobla de Lillet 2008"]
[Site "La Pobla de Lillet ESP"]
[Date "2008.08.09"]
[Round "8.8"]
[White "Lorca Cortada, David"]
[Black "Perez Campos, Adria"]
[Result "0-1"]
[WhiteElo "2068"]
[BlackElo "2206"]
[PlyCount "64"]
[EventDate "2008.08.02"]
[EventType "swiss"]
[EventRounds "9"]
[EventCountry "ESP"]
[SourceTitle "Ajedrez en Madrid"]
[Source "lmi"]
[SourceDate "2008.08.02"]
[SourceVersion "1"]
[SourceVersionDate "2020.06.30"]
[SourceQuality "1"]

1. e4 c5 2. Nf3 d6 3. d4 cxd4 4. Nxd4 Nf6 5. Nc3 a6 6. Bg5 e6 7. f4 Nbd7 8. Qf3
h6 9. Bxf6 Nxf6 10. g4 Qc7 11. h4 b5 12. a3 d5 13. exd5 Bb7 14. Bd3 Nxd5 15.
Nxd5 Bxd5 16. Be4 O-O-O 17. Bxd5 Rxd5 18. O-O-O Be7 19. Ne2 Rhd8 20. Rxd5 Rxd5
21. Nc3 Rd6 22. h5 Qc6 23. Qh3 Bf6 24. Rd1 Bxc3 25. Qxc3 Rxd1+ 26. Kxd1 Qxc3
27. bxc3 Kd7 28. Ke2 Kd6 29. Ke3 Kd5 30. Kd3 f6 31. Ke3 Kc4 32. Kd2 a5 0-1